| 000 | 01179nam a22003617a 4500 | ||
|---|---|---|---|
| 999 |
_c20891 _d20891 |
||
| 005 | 20200123112135.0 | ||
| 008 | 800711u1968uuuuii arz 0 a0eng | ||
| 022 | _a0556-4409 | ||
| 030 | _aPIDABZ | ||
| 035 | _a(OCoLC)ocm06507673 | ||
| 040 |
_aDLC _cDLC _dOCoLC _dAIP _dNSDP _dDLC _dNST _dOCoLC _dOCoLC |
||
| 042 |
_alc _ansdp |
||
| 050 |
_aTP934 _b.P37 |
||
| 082 | _a338.4/7/66760954 | ||
| 210 | _aPaintindia, Annu. | ||
| 222 | _aPaintindia. Annual | ||
| 245 | _aPaintindia. | ||
| 246 | _aPaint India. Annual | ||
| 260 |
_a[Bombay, _bColour Publications] |
||
| 300 |
_av. _bill. _c29 cm. |
||
| 310 | _aAnnual | ||
| 362 | _aBegan in 1968. | ||
| 510 |
_aChemical abstracts _x0009-2258 |
||
| 515 | _aVols. prior to 1968 numbered as issues of Paintindia, issued monthly. | ||
| 590 | _aSERBIB/SERLOC merged record | ||
| 650 |
_aPaint industry and trade _zIndia _vPeriodicals. |
||
| 650 |
_aPrinting ink industry _zIndia _vPeriodicals. |
||
| 780 |
_tPaintindia _w(OCoLC)1640543 |
||
| 906 |
_a7 _bcbc _cserials _d3 _encip _f19 _gn-oclcserc |
||
| 936 | _a1970 (surrogate) | ||
| 942 |
_2ddc _cSR _h338.4/7/66760954 _mPAI _s1 |
||